Teen Wolf BIG Quiz Stats

Quiz not verified by Sporcle

Challenge
Share
Tweet
Embed
Score 0/68 Timer 10:00
0 Plays Today
Hint Answer % Correct
????
100%
????
97.9%
????
77.6%
????
58.1%
????
54.2%
????
50.3%
????
46.6%
????
43.7%
????
43.6%
????
41.7%
????
41.6%
????
40.9%
????
40.8%
????
37.5%
????
37%
????
36.3%
????
34.5%
????
29.1%
????
28.4%
????
28.4%
????
25.7%
????
25.7%
????
25.6%
????
24.7%
????
24.4%
????
24.2%
????
24.2%
????
24.2%
????
24.2%
????
24.1%
????
24%
????
24%
????
23.9%
????
23.7%
Hint Answer % Correct
????
23.7%
????
21.5%
????
21.5%
????
21.5%
????
20.4%
????
20.1%
????
19.7%
????
19.1%
????
18.9%
????
18.2%
????
15.9%
????
14.4%
????
13%
????
12.9%
????
12.8%
????
12.7%
????
11.5%
????
11.4%
????
10.9%
????
10.3%
????
9.2%
????
9%
????
8.7%
????
8.5%
????
7.9%
????
7.6%
????
7.6%
????
7.4%
????
5.2%
????
4.8%
????
3.9%
????
2.8%
????
2.8%
????
2.4%

You're not logged in!

Compare scores with friends on all Sporcle quizzes.
Join for Free
OR
Log In

You Might Also Like...

Show Comments

Extras

Created Aug 29, 2014ReportNominate
Tags:Teen Wolf

Top Quizzes Today


Score Distribution

Your Account Isn't Verified!

In order to create a playlist on Sporcle, you need to verify the email address you used during registration. Go to your Sporcle Settings to finish the process.

Report this User

Report this user for behavior that violates our Community Guidelines.

Details: